Aquatic chemistry: chemical equilibria and rates in natural waters

Saved in:
Bibliografiske detaljer
Main Authors: Stumm, Werner (Author), Morgan, James J (Author)
Format: Bog
Sprog:engelsk
Udgivet: Nueva York John Wiley and Sons 1996
Udgivelse:3a. ed
Serier:Enviromental Science and Technology
Fag:
Tags: Tilføj Tag
Ingen Tags, Vær først til at tagge denne postø!

MARC

LEADER 00000nam a2200000 a 4500
001 UCI3124
003 CL-VaPUC
008 071012e19960000US |||||||||||||||||eng|d
020 |a 0471511854 
082 0 4 |a 540  |b STU  |2 21 
100 0 |a Stumm, Werner  |e author  |9 524527 
700 0 |a Morgan, James J  |e author  |9 524528 
245 1 0 |a Aquatic chemistry: chemical equilibria and rates in natural waters 
250 |a 3a. ed 
300 |a 1022 p 
942 |c BK 
945 |d 20071012 00:00:00  |a jtorresc 
260 |a Nueva York  |b John Wiley and Sons  |c 1996 
650 0 |a Química orgánica   |9 259426 
650 0 |a Química inorgánica  |9 260154 
650 7 |a EQUILIBRIOS QUIMICOS  |2 CL-VaPUC  |9 336637 
650 0 |a Termodinámica   |9 259320 
650 0 |a Reacciones químicas  |9 259438 
583 |a last modification  |c 20071012 00:00:00  |k Rodrigo Vera 
490 0 |a Enviromental Science and Technology 
999 |c 327512  |d 327510 
952 |0 0  |1 0  |4 0  |6 540_000000000000000_STU_1996  |7 0  |8 A  |9 410388  |a BIBING  |b BIBING  |d 2019-11-22  |i 4375521  |o 540 STU 1996  |p 4375521  |r 2025-01-20  |w 2019-11-22  |y BK  |k EIQ